000 00989nam a2200289 a 4500
001 000023935
003 DO-SdBPM
005 20250120110553.0
007 000023935
008 110117s2010 dr a 000 0 spa d
020 _a9789945460582
040 _aDO-SdBPM
_bspa
_cBPMSU
049 _a
082 4 _222
_aRD863.5
_bC352c 2010
100 1 _aCastillo Villalón, Lady Diana
_d1981-
245 1 3 _aEl ciempiés fuma arcoíris en pipa y otras verdades /
_cLady Diana Castillo Villalón ; prólogo Mateo Morrison.
260 _aSanto Domingo :
_bEditorial Santuario,
_c2010.
300 _a129 p. :
_bil. ;
_c23 cm.
500 _aIncluye datos biográficos del autor en la solapa de la cubierta
590 _aInventariado, 2025/VM
_6
650 4 _aCuentos infantiles dominicanos
650 4 _aLiteratura infantil dominicana
650 4 _aCiempiés
_vcuentos infantiles
700 1 _aMorrison, Mateo,
_eprólogo
910 _aVMateo V. Control de calidad. BPMSU
942 _2ddc
_cBK
999 _c7261
_d7261